000 00806nam a2200145 a 4500
001 000028255
005 20200930031500.0
008 110407s1973 sp abc 000 0 spa d
040 _aDO-SdBNP
_bspa
_cBNPHU
082 _axxxx
_bxxxx
245 0 0 _aConocer España :
_bgeografía y guía.
260 _aEspaña :
_bSalvat,
_c1973.
300 _av. :
_bil., map., retr. ;
_c30 cm.
505 0 _gv. 1
_tCataluña
_gv. 2
_tCataluña - Baleares
_gv. 3
_tValencia - Murcia
_gv. 4
_tMurcia - Andalucía
_gv. 5
_tAndalucía - Canarias - Galicia
_gv. 6
_tGalicia - Asturias - Provincias Vascongadas
_gv. 7
_tProvincias Vascongadas - Navarra - Aragón - León
_gv. 8
_tLeón - Castilla la Vieja
_gv. 9
_tCastilla la Vieja - Extremadura - Castilla la Nueva
_gv. 10
_tCastilla la Nueva - España norteafricana - Síntesis geográfica de España
999 _c27747
_d27747